000 01768nam0a2200397 4500
001 RU\NLR\BIBL_A\012528438
005 20210708135407.0
010 _a978-5-09-080959-7
_95610
021 _aRU
_bКН-П-21-067757
_9КН-П-21-5357
021 _aRU
_bКН-П-23-062928
_9КН-П-23-6380
021 _aRU
_bКН-П-20-091292
_9КН-П-20-6932
035 _a(NLR Aleph) 012528438
035 _a(RuMoRGB)010547506
090 _a12354349
_c12354349
100 _a20210526d2021 d y0rusy50 ca
101 0 _arus
102 _aRU
105 _a j |001z
181 0 _ai
_baxxe
182 0 _an
200 1 _aГеометрия
_e8 класс
_eучебник
_fА. Г. Мерзляк, В. Б. Полонский, М. С. Якир
_gпод редакцией В. Е. Подольского
203 _aТекст
_bвизуальный
_cнепосредственный
205 _a6-е изд., стер.
210 _aМосква
_cПросвещение
_cВентана-Граф
_d2021 [т.е. 2020]
215 _a206, [2] с.
_cил., цв. ил., портр., табл.
_d22
300 _aКн. фактически издана в 2020 г.
320 _aАлф.-предм. указ.: с. 204-205
606 1 _aГеометрия
_jУчебники для средней школы
_2nlr_sh2
_3RU\NLR\AUTH\6626625
686 1 _aВ181.11я721-1
700 1 _aМерзляк
_bА. Г.
_gАркадий Григорьевич
_3RU\NLR\AUTH\773972
701 1 _aПолонский
_bВ. Б.
_gВиталий Борисович
_3RU\NLR\AUTH\773594
701 1 _aЯкир
_bМ. С.
_f1958-
_gМихаил Семёнович
_3RU\NLR\AUTH\773605
942 _cBOOK
980 _aNB